[Event "Menchik Memorial op"]
[Site "Maidstone"]
[Date "1994.10.??"]
[Round "8"]
[White "Houska, Jovanka"]
[Black "Fenn, Paul David"]
[Result "0-1"]
[WhiteElo "2015"]
[BlackElo "2160"]
[PlyCount "120"]
[EventDate "1994.10.24"]
[EventType "swiss"]
[EventRounds "9"]
[EventCountry "ENG"]
[SourceTitle "BritBase"]
[Source "John Saunders"]
[SourceDate "2023.06.01"]
[SourceVersion "1"]
[SourceVersionDate "2023.06.01"]
[SourceQuality "1"]

1. e4 Nc6 2. d4 d5 3. e5 Bf5 4. c3 f6 5. f4 e6 6. Nf3 Qd7 7. Bd3 Bxd3 8. Qxd3
Nh6 9. Be3 Be7 10. Nbd2 Nf7 11. Nb3 b6 12. Bd2 f5 13. a3 Ncd8 14. Be3 Nb7 15.
Rd1 h6 16. c4 c6 17. Rg1 g5 18. g4 fxg4 19. Rxg4 h5 20. Rg2 g4 21. Ng1 O-O-O
22. Ne2 Nh6 23. Rc1 Kb8 24. Nc3 Nf5 25. cxd5 cxd5 26. Rgc2 Rc8 27. Bf2 Nd8 28.
Qa6 Qb7 29. Qd3 Nf7 30. Nb5 Rxc2 31. Rxc2 Rc8 32. Rxc8+ Qxc8 33. Qc3 a6 34.
Qxc8+ Kxc8 35. Nc3 Nh4 36. Bxh4 Bxh4+ 37. Ke2 Nh6 38. Nd1 Nf5 39. Ne3 g3 40.
hxg3 Nxg3+ 41. Kf3 Ne4 42. f5 Kd7 43. f6 Bg5 44. Ng2 h4 45. Nf4 Bxf4 46. Kxf4
h3 47. Kf3 h2 48. Kg2 h1=Q+ 49. Kxh1 Nf2+ 50. Kg2 Nd1 51. Kf3 Nxb2 52. Kg4 Ke8
53. Kf4 Nc4 54. a4 a5 55. Nc5 bxc5 56. dxc5 Nb2 57. c6 Nxa4 58. c7 Nb6 59. Ke3
Kd7 60. Kd4 Kxc7 0-1

[Event "Menchik Memorial op"]
[Site "Maidstone"]
[Date "1994.10.??"]
[Round "8"]
[White "Hunt, Harriet"]
[Black "Emms, John M"]
[Result "0-1"]
[WhiteElo "2225"]
[BlackElo "2535"]
[PlyCount "134"]
[EventDate "1994.10.24"]
[EventType "swiss"]
[EventRounds "9"]
[EventCountry "ENG"]
[SourceTitle "BritBase"]
[Source "John Saunders"]
[SourceDate "2023.06.01"]
[SourceVersion "1"]
[SourceVersionDate "2023.06.01"]
[SourceQuality "1"]

1. e4 e5 2. Nf3 Nc6 3. Bb5 a6 4. Ba4 Nf6 5. O-O Be7 6. Re1 b5 7. Bb3 d6 8. c3
O-O 9. h3 Na5 10. Bc2 c5 11. d4 Re8 12. Nbd2 Bf8 13. Nf1 cxd4 14. cxd4 exd4 15.
Nxd4 Bb7 16. Ng3 Rc8 17. Bf4 Qb6 18. b3 d5 19. e5 Ne4 20. Bxe4 dxe4 21. Be3
Rcd8 22. Qg4 Qg6 23. Qf4 Rd5 24. e6 fxe6 25. Qxe4 Qxe4 26. Nxe4 Bb4 27. Re2
Red8 28. Nc2 Rd1+ 29. Rxd1 Rxd1+ 30. Kh2 Be7 31. Bb6 Nc6 32. Ne3 Nd4 33. Nxd1
Nxe2 34. Nc5 Bd6+ 35. g3 Bc8 36. Ne4 Bb8 37. Be3 h6 38. Nc5 Bd6 39. Ne4 Bb8 40.
Nc5 Bd6 41. Ne4 Bc7 42. Ndc3 Nxc3 43. Nxc3 Bb7 44. Kg1 Kf7 45. Kf1 Bf3 46. Ke1
g5 47. Kd2 Kg6 48. Ne2 e5 49. Nc3 Bg2 50. h4 gxh4 51. gxh4 Bd8 52. f4 exf4 53.
Bxf4 Bxh4 54. Kd3 Bf6 55. a4 h5 56. axb5 axb5 57. Ne4 Be7 58. Nd6 h4 59. Kd4
Bc6 60. Kc5 Bd7 61. Kb6 Bxd6 62. Bxd6 Kh5 63. Kc7 Be8 64. Kd8 Bf7 65. b4 Kg4
66. Ke7 Bc4 67. Kf6 h3 0-1

[Event "Menchik Memorial op"]
[Site "Maidstone"]
[Date "1994.10.??"]
[Round "8"]
[White "Lalic, Bogdan"]
[Black "Bronstein, David I"]
[Result "1/2-1/2"]
[WhiteElo "2520"]
[BlackElo "2440"]
[PlyCount "87"]
[EventDate "1994.10.24"]
[EventType "swiss"]
[EventRounds "9"]
[EventCountry "ENG"]
[SourceTitle "BritBase"]
[Source "John Saunders"]
[SourceDate "2023.06.01"]
[SourceVersion "1"]
[SourceVersionDate "2023.06.01"]
[SourceQuality "1"]

1. c4 e6 2. g3 d5 3. Bg2 d4 4. Nf3 Nc6 5. O-O Nf6 6. d3 e5 7. e3 dxe3 8. Bxe3
Be7 9. d4 exd4 10. Nxd4 Nxd4 11. Qxd4 O-O 12. Nc3 c6 13. Qxd8 Rxd8 14. Na4 Be6
15. b3 Ng4 16. Bc5 Bf6 17. Rad1 b5 18. h3 bxa4 19. hxg4 Bxg4 20. Rxd8+ Rxd8 21.
bxa4 Be6 22. Bxa7 Bxc4 23. Rc1 Ra8 24. Rxc4 Rxa7 25. Rxc6 h5 26. Bd5 h4 27. Kg2
hxg3 28. fxg3 Rxa4 29. Rc8+ Kh7 30. Bxf7 g5 31. Bb3 Rd4 32. Rc7+ Kh6 33. Rc6
Kg7 34. Kf3 g4+ 35. Ke3 Rb4 36. Bc4 Be5 37. Ke4 Bxg3 38. Kf5 Bb8 39. Kxg4 Kf8
40. Kf5 Ke7 41. Ke4 Ra4 42. Rc8 Kd7 43. Rxb8 Rxc4+ 44. Kd5 1/2-1/2

[Event "Menchik Memorial op"]
[Site "Maidstone"]
[Date "1994.10.??"]
[Round "8"]
[White "Lauterbach, Ingrid"]
[Black "Fink Nunn, Petra"]
[Result "1/2-1/2"]
[WhiteElo "2155"]
[BlackElo "2095"]
[PlyCount "100"]
[EventDate "1994.10.24"]
[EventType "swiss"]
[EventRounds "9"]
[EventCountry "ENG"]
[SourceTitle "BritBase"]
[Source "John Saunders"]
[SourceDate "2023.06.01"]
[SourceVersion "1"]
[SourceVersionDate "2023.06.01"]
[SourceQuality "1"]

1. e4 c5 2. Nf3 Nc6 3. Bb5 g6 4. O-O Bg7 5. c3 Nf6 6. Re1 O-O 7. d4 cxd4 8.
cxd4 d5 9. exd5 Nxd5 10. Bxc6 bxc6 11. Ne5 Qb6 12. Nc3 Nxc3 13. bxc3 Be6 14.
Ba3 Rfe8 15. Qa4 Qb5 16. Qc2 Bf5 17. Qe2 Qxe2 18. Rxe2 Bxe5 19. Rxe5 Be6 20. h3
a6 21. Ra5 Kf8 22. Rb1 Bc4 23. Rb7 f6 24. Bb4 Kf7 25. Rc5 Bxa2 26. Rb6 Bd5 27.
c4 Be4 28. f3 Bf5 29. Rcxc6 Rec8 30. d5 Rxc6 31. Rxc6 Rc8 32. Rxc8 Bxc8 33. c5
f5 34. f4 e6 35. d6 Bd7 36. Kf2 Bc6 37. g3 h6 38. Ke3 h5 39. Kd4 Bb5 40. Ke5
Bd7 41. Ba5 Bc6 42. d7 Bxd7 43. Kd6 Bb5 44. c6 Ke8 45. Kc7 h4 46. gxh4 e5 47.
Bd2 exf4 48. Bxf4 a5 49. Bc1 a4 50. Kb6 Bc4 1/2-1/2

[Event "Menchik Memorial op"]
[Site "Maidstone"]
[Date "1994.10.??"]
[Round "8"]
[White "McDonald, Neil R"]
[Black "Maskova, Jana"]
[Result "1/2-1/2"]
[WhiteElo "2420"]
[BlackElo "2220"]
[PlyCount "110"]
[EventDate "1994.10.24"]
[EventType "swiss"]
[EventRounds "9"]
[EventCountry "ENG"]
[SourceTitle "BritBase"]
[Source "John Saunders"]
[SourceDate "2023.06.01"]
[SourceVersion "1"]
[SourceVersionDate "2023.06.01"]
[SourceQuality "1"]

1. e4 c5 2. Nf3 Nc6 3. d4 cxd4 4. Nxd4 Nf6 5. Nc3 e5 6. Nb3 d6 7. Be2 Be7 8.
O-O O-O 9. f4 exf4 10. Bxf4 Be6 11. Kh1 a6 12. a4 Rc8 13. Nd4 Nxd4 14. Qxd4 Qd7
15. Rad1 Rfd8 16. Qe3 Qc6 17. Bf3 Qc4 18. Qb6 Rd7 19. Rfe1 Bd8 20. Qf2 Qb4 21.
Bc1 Bb6 22. Qg3 Kh8 23. e5 dxe5 24. Rxd7 Bxd7 25. Bxb7 Ng4 26. Nd5 Qa5 27. Be3
Bxe3 28. Nxe3 Re8 29. Nxg4 Bxg4 30. Bxa6 Qxa4 31. Bd3 Bd7 32. h3 e4 33. Qd6 Qc6
34. Qxc6 Bxc6 35. Bc4 f5 36. Ra1 e3 37. Kg1 g5 38. Kf1 Be4 39. c3 Kg7 40. Ra7+
Kf6 41. Rxh7 Rd8 42. Rh6+ Kg7 43. Re6 Rd2 44. g3 Rxb2 45. Re7+ Kf8 46. Re5 Rc2
47. Bb5 Kg7 48. Re6 Kf7 49. Re5 Kf6 50. Re8 Rxc3 51. Ke2 Bg2 52. Bd3 Bxh3 53.
Rxe3 Ra3 54. Kf2 Bg4 55. Bc4 Rxe3 1/2-1/2

[Event "Menchik Memorial op"]
[Site "Maidstone"]
[Date "1994.10.??"]
[Round "8"]
[White "Saljova, Silvie"]
[Black "Lalic, Susan Kathryn"]
[Result "1/2-1/2"]
[WhiteElo "2250"]
[BlackElo "2375"]
[PlyCount "81"]
[EventDate "1994.10.24"]
[EventType "swiss"]
[EventRounds "9"]
[EventCountry "ENG"]
[SourceTitle "BritBase"]
[Source "John Saunders"]
[SourceDate "2023.06.01"]
[SourceVersion "1"]
[SourceVersionDate "2023.06.01"]
[SourceQuality "1"]

1. d4 Nf6 2. Nf3 e6 3. Bg5 c5 4. c3 Qb6 5. Qb3 d5 6. Nbd2 Nbd7 7. e3 h6 8. Bh4
c4 9. Qc2 Qc6 10. Bxf6 gxf6 11. e4 dxe4 12. Qxe4 Qxe4+ 13. Nxe4 b5 14. a4 Bb7
15. Ned2 a6 16. axb5 axb5 17. Rxa8+ Bxa8 18. b3 b4 19. Nxc4 bxc3 20. Kd1 Rg8
21. Kc2 Bb4 22. Ne3 Ke7 23. Bb5 Rb8 24. Bd3 Nb6 25. Re1 Bxf3 26. gxf3 Ra8 27.
Re2 Ra1 28. Bc4 Kd6 29. Kd3 f5 30. f4 h5 31. f3 h4 32. Nc2 Rd1+ 33. Ke3 Ba5 34.
Re1 Rd2 35. Re2 Nd5+ 36. Bxd5 Kxd5 37. h3 Bc7 38. Nb4+ Kd6 39. Rxd2 cxd2 40.
Kxd2 f6 41. Ke3 1/2-1/2

[Event "Menchik Memorial op"]
[Site "Maidstone"]
[Date "1994.10.??"]
[Round "8"]
[White "Ward, Christopher G"]
[Black "Reuben, Stewart"]
[Result "1-0"]
[WhiteElo "2495"]
[BlackElo "2260"]
[PlyCount "155"]
[EventDate "1994.10.24"]
[EventType "swiss"]
[EventRounds "9"]
[EventCountry "ENG"]
[SourceTitle "BritBase"]
[Source "John Saunders"]
[SourceDate "2023.06.01"]
[SourceVersion "1"]
[SourceVersionDate "2023.06.01"]
[SourceQuality "1"]

1. d4 Nf6 2. c4 e6 3. Nc3 Bb4 4. g3 c5 5. Nf3 Nc6 6. Bg2 Ne4 7. Bd2 Bxc3 8.
bxc3 d6 9. O-O O-O 10. Be1 f5 11. Qd3 Qf6 12. Rd1 e5 13. e3 Ne7 14. Nh4 Rb8 15.
f4 exf4 16. exf4 g6 17. g4 Re8 18. h3 Nc6 19. Kh2 Qf7 20. Bf3 b5 21. gxf5 bxc4
22. Qc2 Bxf5 23. Nxf5 Qxf5 24. Bg4 Qf7 25. d5 Nd8 26. f5 Re5 27. Bh4 gxf5 28.
Bf3 Kh8 29. Bxd8 Nxc3 30. Qxc3 Rxd8 31. Bg4 Qf6 32. Rf2 Qh4 33. Rxf5 Rde8 34.
Rdf1 Qh6 35. Rxe5 Rxe5 36. Be6 Qe3 37. Qxe3 Rxe3 38. Rg1 h6 39. Rg2 c3 40. Rc2
Rd3 41. Kg1 Kg7 42. Kf2 Kf6 43. Re2 Kg5 44. Re4 Rd2+ 45. Ke3 Rxa2 46. Rc4 c2
47. Kd3 a5 48. Rxc2 Rxc2 49. Kxc2 Kf4 50. Kb3 Ke4 51. Kc4 a4 52. Bg8 Ke3 53.
Kc3 Ke4 54. Bf7 Ke5 55. Kc4 Ke4 56. Bg6+ Ke5 57. Bb1 a3 58. Ba2 Ke4 59. Kc3 Ke3
60. Bb1 Ke2 61. Bg6 Ke3 62. h4 Ke2 63. Kb3 Kd2 64. Kxa3 Kc3 65. Bf7 c4 66. Be8
Kd4 67. Bc6 c3 68. Ka2 Kd3 69. Ba4 Kd2 70. Kb1 Kd3 71. Bb3 Kd2 72. h5 Kd3 73.
Kc1 Ke4 74. Kc2 Kd4 75. Ba2 Ke5 76. Kxc3 Kf4 77. Kc4 Kg5 78. Kb5 1-0

[Event "Menchik Memorial op"]
[Site "Maidstone"]
[Date "1994.10.30"]
[Round "9"]
[White "Bronstein, David I"]
[Black "Ivanov, Alexei"]
[Result "1/2-1/2"]
[WhiteElo "2440"]
[BlackElo "2455"]
[PlyCount "27"]
[EventDate "1994.10.24"]
[EventType "swiss"]
[EventRounds "9"]
[EventCountry "ENG"]
[SourceTitle "BritBase"]
[Source "John Saunders"]
[SourceDate "2023.06.01"]
[SourceVersion "1"]
[SourceVersionDate "2023.06.01"]
[SourceQuality "1"]

1. e4 e5 2. Nf3 Nc6 3. Bc4 Bc5 4. b4 Bxb4 5. c3 Ba5 6. d4 exd4 7. O-O Nge7 8.
Ng5 Ne5 9. Bb3 d5 10. exd5 O-O 11. cxd4 Ng4 12. Qf3 Qd6 13. Bf4 Qf6 14. Nc3
1/2-1/2

[Event "Menchik Memorial op"]
[Site "Maidstone"]
[Date "1994.10.30"]
[Round "9"]
[White "Emms, John M"]
[Black "Lalic, Bogdan"]
[Result "1/2-1/2"]
[WhiteElo "2535"]
[BlackElo "2520"]
[PlyCount "43"]
[EventDate "1994.10.24"]
[EventType "swiss"]
[EventRounds "9"]
[EventCountry "ENG"]
[SourceTitle "BritBase"]
[Source "John Saunders"]
[SourceDate "2023.06.01"]
[SourceVersion "1"]
[SourceVersionDate "2023.06.01"]
[SourceQuality "1"]

1. e4 d5 2. exd5 Nf6 3. c4 c6 4. d4 cxd5 5. Nc3 e6 6. Nf3 Bb4 7. Bd3 dxc4 8.
Bxc4 O-O 9. O-O Nbd7 10. Qe2 Nb6 11. Bd3 Nbd5 12. Bd2 Be7 13. Rad1 Nxc3 14.
bxc3 b6 15. Ne5 Bb7 16. Qe3 Rc8 17. Rfe1 Nd7 18. Qh3 f5 19. Qe3 Nf6 20. Qe2 Ne4
21. Bxe4 fxe4 22. Qg4 1/2-1/2

[Event "Menchik Memorial op"]
[Site "Maidstone"]
[Date "1994.10.30"]
[Round "9"]
[White "Hunt, Adam"]
[Black "Saljova, Silvie"]
[Result "0-1"]
[WhiteElo "2205"]
[BlackElo "2250"]
[PlyCount "114"]
[EventDate "1994.10.24"]
[EventType "swiss"]
[EventRounds "9"]
[EventCountry "ENG"]
[SourceTitle "BritBase"]
[Source "John Saunders"]
[SourceDate "2023.06.01"]
[SourceVersion "1"]
[SourceVersionDate "2023.06.01"]
[SourceQuality "1"]

1. e4 e5 2. Nf3 Nf6 3. Nxe5 d6 4. Nf3 Nxe4 5. d4 d5 6. Bd3 Be7 7. O-O Nc6 8.
Re1 Bg4 9. c3 f5 10. Nbd2 O-O 11. Qb3 Na5 12. Qc2 c5 13. Ne5 Bh5 14. Ndf3 Rc8
15. Be3 c4 16. Be2 f4 17. Bc1 Bd6 18. Nd2 Bxe2 19. Rxe2 Bxe5 20. dxe5 Ng5 21.
h4 Ne6 22. Nf3 Nc6 23. b3 d4 24. Rd2 d3 25. Qd1 b5 26. Ba3 Rf5 27. Bd6 Na5 28.
bxc4 bxc4 29. Qe1 Rf7 30. Qe4 Nb7 31. Qd5 Qd7 32. Rb1 Rc5 33. Qe4 Nxd6 34. exd6
Qxd6 35. Re1 Nc7 36. Ng5 Rff5 37. Rb2 Qf8 38. Ne6 Nxe6 39. Qxe6+ Kh8 40. Qd7
Rcd5 41. Qxa7 Rfe5 42. Rd1 h6 43. Qc7 Rc5 44. Qd7 Qe7 45. Qxe7 Rxe7 46. Kf1
Rce5 47. a4 Re2 48. Rbd2 R7e5 49. Kg1 Rxd2 50. Rxd2 Re1+ 51. Kh2 Ra1 52. Kh3 h5
53. g3 Rxa4 54. gxf4 Ra3 55. Kg3 Rxc3 56. Kf3 Rc2 57. Rd1 d2 0-1

[Event "Menchik Memorial op"]
[Site "Maidstone"]
[Date "1994.10.30"]
[Round "9"]
[White "Hunt, Harriet"]
[Black "Houska, Jovanka"]
[Result "1-0"]
[WhiteElo "2225"]
[BlackElo "2015"]
[PlyCount "77"]
[EventDate "1994.10.24"]
[EventType "swiss"]
[EventRounds "9"]
[EventCountry "ENG"]
[SourceTitle "BritBase"]
[Source "John Saunders"]
[SourceDate "2023.06.01"]
[SourceVersion "1"]
[SourceVersionDate "2023.06.01"]
[SourceQuality "1"]

1. e4 d6 2. d4 Nf6 3. Nc3 c6 4. Be2 Qa5 5. Bd2 e5 6. Nf3 exd4 7. Nxd4 Nxe4 8.
Nxe4 Qe5 9. Bc3 Qxe4 10. O-O Be7 11. Re1 Qg6 12. Bd3 Qg5 13. Nf3 Qg4 14. Re4
Qh5 15. Qe2 Be6 16. Nd4 Qxe2 17. Rxe2 Nd7 18. Nxe6 fxe6 19. Rxe6 Kf7 20. Rae1
Rhe8 21. Bxh7 Nf8 22. Bg8+ Kxg8 23. Rxe7 Rxe7 24. Rxe7 Kh7 25. Rxg7+ Kh6 26.
Rxb7 Kg6 27. h4 Ne6 28. g4 d5 29. Re7 Nf4 30. Kh2 c5 31. Be5 Ne2 32. Bd6 Nd4
33. Bxc5 Nxc2 34. Re2 Na1 35. f4 Rc8 36. f5+ Kf6 37. Bd4+ Kf7 38. g5 Nc2 39.
g6+ {& 1-0 44 moves} 1-0

[Event "Menchik Memorial op"]
[Site "Maidstone"]
[Date "1994.10.30"]
[Round "9"]
[White "Lalic, Susan Kathryn"]
[Black "Ward, Christopher G"]
[Result "1/2-1/2"]
[WhiteElo "2375"]
[BlackElo "2495"]
[PlyCount "32"]
[EventDate "1994.10.24"]
[EventType "swiss"]
[EventRounds "9"]
[EventCountry "ENG"]
[SourceTitle "BritBase"]
[Source "John Saunders"]
[SourceDate "2023.06.01"]
[SourceVersion "1"]
[SourceVersionDate "2023.06.01"]
[SourceQuality "1"]

1. e4 c5 2. c3 Nf6 3. e5 Nd5 4. d4 cxd4 5. Nf3 Nc6 6. Bc4 Nb6 7. Bb3 d5 8. exd6
Qxd6 9. O-O g6 10. Ng5 e6 11. Ne4 Qd8 12. Bg5 Be7 13. Bxe7 Qxe7 14. cxd4 O-O
15. Nbc3 Rd8 16. Ne2 Bd7 1/2-1/2

[Event "Menchik Memorial op"]
[Site "Maidstone"]
[Date "1994.10.30"]
[Round "9"]
[White "Reuben, Stewart"]
[Black "Bibby, Simon"]
[Result "1-0"]
[WhiteElo "2260"]
[BlackElo "2275"]
[PlyCount "131"]
[EventDate "1994.10.24"]
[EventType "swiss"]
[EventRounds "9"]
[EventCountry "ENG"]
[SourceTitle "BritBase"]
[Source "John Saunders"]
[SourceDate "2023.06.01"]
[SourceVersion "1"]
[SourceVersionDate "2023.06.01"]
[SourceQuality "1"]

1. c4 g6 2. Nc3 Bg7 3. g3 Nf6 4. Bg2 O-O 5. d4 d6 6. Nf3 c6 7. O-O Qa5 8. h3
Be6 9. Qd3 Qa6 10. b3 d5 11. Ne5 Rd8 12. e4 Nbd7 13. cxd5 Qxd3 14. Nxd3 cxd5
15. e5 Ne4 16. Nxe4 dxe4 17. Nf4 Nf8 18. Bb2 g5 19. Nxe6 Nxe6 20. Rfd1 f5 21.
g4 fxg4 22. hxg4 Nf4 23. Bxe4 Rd7 24. Kf1 Rf8 25. Ke1 e6 26. Bc1 Rfd8 27. Be3
Bf8 28. Bxf4 gxf4 29. Ke2 Rxd4 30. Bxb7 Rxd1 31. Rxd1 Rxd1 32. Kxd1 Bg7 33. Ke2
Bxe5 34. Kd3 Kf7 35. b4 Ke7 36. Kc4 Kd6 37. Kb5 Bd4 38. f3 Be5 39. Be4 h6 40.
a3 Bd4 41. Ka6 Kc7 42. Bg6 Be3 43. Bf7 e5 44. Bg6 Bd4 45. Be4 Be3 46. Kb5 Kd6
47. Kc4 Bd2 48. Bc2 Be1 49. Kd3 Bf2 50. Ke4 Bh4 51. Bb3 Bf6 52. Kf5 Be7 53. a4
Bf8 54. Bc2 Bg7 55. Kg6 Bf8 56. Be4 Kc7 57. b5 Kb6 58. Kf7 Bd6 59. Kg7 Ka5 60.
Bc6 e4 61. Bxe4 Kxa4 62. Bd3 Kb3 63. Kxh6 Kc3 64. Be4 Kd4 65. g5 Bf8+ 66. Kg6
1-0

[Event "Menchik Memorial op"]
[Site "Maidstone"]
[Date "1994.10.30"]
[Round "9"]
[White "Velicka, Petr"]
[Black "McDonald, Neil R"]
[Result "1/2-1/2"]
[WhiteElo "2415"]
[BlackElo "2420"]
[PlyCount "35"]
[EventDate "1994.10.24"]
[EventType "swiss"]
[EventRounds "9"]
[EventCountry "ENG"]
[SourceTitle "BritBase"]
[Source "John Saunders"]
[SourceDate "2023.06.01"]
[SourceVersion "1"]
[SourceVersionDate "2023.06.01"]
[SourceQuality "1"]

1. e4 e6 2. d4 d5 3. Nc3 dxe4 4. Nxe4 Bd7 5. Nf3 Bc6 6. Bd3 Nd7 7. O-O Ngf6 8.
Ng3 Be7 9. c4 O-O 10. b3 Bxf3 11. Qxf3 c6 12. Bb2 Qa5 13. a3 b5 14. Bc3 Qb6 15.
Ne4 Nxe4 16. Qxe4 Nf6 17. Qe2 Rfd8 18. Qc2 1/2-1/2